| 000 | 02220nam a22001937a 4500 | ||
|---|---|---|---|
| 003 | OSt | ||
| 005 | 20260408090948.0 | ||
| 008 | 260408b |||||||| |||| 00| 0 esp d | ||
| 082 | _2958-32-0060-3 | ||
| 100 | _aJUAN ANTONIO OLLERO | ||
| 245 | _aAPRENDE INGLES MI PRIMERA GRAMATICA VOL2 | ||
| 260 |
_a1RA EDICION _bGRUPO EDITORIAL OCEANO _c2001 |
||
| 300 |
_a256 PAG _c 18 x 25 cm |
||
| 490 | _3 tapa dura (cartoné). | ||
| 520 | _aOrganización Alfabética: Términos de la A a la Z con su traducción y, a menudo, una oración de ejemplo para ver el uso de la palabra. Léxico por Centros de Interés: Vocabulario agrupado por temas cercanos al estudiante como: La Familia y la Gente: Miembros del hogar y descripciones físicas. La Naturaleza y Animales: Nombres de mascotas, animales salvajes y el entorno natural. Alimentación y Salud: Vocabulario de comidas, frutas, verduras y partes del cuerpo .Entorno Diario: La casa (habitaciones, muebles), la escuela y la ciudad.2. Continuación de Estructuras Gramaticales algunas versiones de este catálogo, el Tomo 2 profundiza en reglas que permiten dar movimiento a las palabras del diccionario: Adjetivos y Adverbios: Cómo describir objetos (colores, tamaños) y acciones (aquí, allá, rápido).Sustantivos y Plurales: Reglas básicas para transformar palabras de singular a plural. Preposiciones de Lugar: Palabras clave para indicar posición como in, on, Ander, behind.3. Secciones de Práctica Ejercicios de Aplicación: Actividades para relacionar las palabras aprendidas con imágenes o completar frases sencillas. Curiosidades Lingüísticas: Pequeñas notas sobre el uso de ciertas expresiones o diferencias entre el inglés británico y americano | ||
| 650 |
_xPresente (Present): Se consolida el Present Simple (rutinas) y el Present Continuous (acciones actuales).Pasado (Past): Introducción al Past Simple para narrar eventos terminados, diferenciando entre verbos regulares e irregulares.Futuro (Future): Uso de estructuras básicas como will y going to para expresar planes o intenciones. _yAmpliación léxica y estructuras de tiempo básicas. _zarcelona (España) o Bogotá (Colombia) |
||
| 700 | _aJUAN ANTONIO OLLERO | ||
| 942 |
_2ddc _cBKA _n0 |
||
| 999 |
_c2050 _d2050 |
||